|
|
|
|
| LEADER |
00000naa a2200000 a 4500 |
| 001 |
30000 |
| 005 |
20230308154313.0 |
| 008 |
012102| ||||||||r|||||||||||spa|| |
| 020 |
|
|
|a 9789587550269
|
| 040 |
|
|
|b spa
|
| 041 |
1 |
|
|a spa
|
| 082 |
0 |
|
|a 617.632
|
| 245 |
|
|
|a Cirugía mucogingival en dientes con anomalías de erupción
|c Evelyn Mancini y Marina Sosa
|h imp
|
| 264 |
|
|
|a Caracas
|b Amolca
|c 2012
|
| 300 |
|
|
|a pp 241-274
|b ilu
|
| 300 |
|
|
|c 26 cm
|
| 504 |
|
|
|a incl. ref.
|
| 520 |
3 |
|
|a La mayoría de los dientes erupcionados con normalidad y en correcta posición en la arcada, pero en algunas ocasiones las piezas dentarias pueden permanecer retenidas o estar en posición ectópica
|
| 650 |
|
|
|a Dientes no erupcionados
|9 3991
|
| 650 |
|
|
|a Periodoncia
|9 3934
|
| 650 |
|
|
|a Reborde óseo
|9 3992
|
| 650 |
|
|
|a Colgajo
|9 3994
|
| 650 |
|
|
|9 3995
|a Tecnicas quirurgicas
|
| 650 |
|
|
|9 3993
|a Radiologia dental
|
| 700 |
|
|
|a Mancini, Evelyn
|9 3996
|
| 700 |
|
|
|a Sosa, Marina
|9 3997
|
| 852 |
|
|
|a UC-SALUD
|c ESTANTERIA ABIERTA
|f Compra
|k luis.contrerase
|l 1
|m General
|p 20121029
|r 1
|t 30000
|b 0
|d CDRS
|e CDRS
|g 617.632 ESTANTERIA ABIERTA
|z 2012-21-02
|
| 942 |
|
|
|c BKA
|
| 999 |
|
|
|c 1290
|d 1290
|